000 00891nam a2200241 a 4500
003 CBULib
005 20231122134645.0
008 130416s2012 ||||||||||||||||| || u
040 _aCBULib
_bEnglish
_cCBULib
_erda
041 _aeng
050 _aUNCTAD(02)2012/19
110 _aUnited Nations Conference on Trade and Development (UNCTAD)
245 1 4 _aThe Palestinian economy: macroeconomic and trade policymaking under occupation
_cby United Nations Conference on Trade and Development (UNCTAD)
260 _aGeneva :
_bUnited Nations,
_c2012.
300 _avi, 50 pages : illustrations
336 _2rdacontent
_aText |
_btxt
337 _2rdamedia
_aUnmediated |
_bn
338 _2rdacarrier
_aVolume
_bnc
500 _aBibliography
650 _aMACROECONOMIC AND TRADE POLICYMAKING--PALESTINE
942 _2mc
_c029
999 _c53083
_d53083